00377 a2200133 4500020002600000035001300026037004500039082000600084100002200090245004300112260004400155300002300199490002100222 a9780007119363c575.60 aB-211590 bRP-ZLS-2783 / UBH-07-08:6 / RP-07-08:ENG14aN1 aChristies, Agatha1 aAfter the funeralcby Agatha Christies aLondonbHarper Collins Publishersc2001 a378 pc18 cm (pbk) aAgatha Christies